|
|
|
|
| LEADER |
00000nab a2200000 4500 |
| 001 |
vtls011984675 |
| 003 |
SK-MaSNL |
| 005 |
20260426105214.0 |
| 008 |
200730c2019 xo er|n || ||00 c0ukr |
| 015 |
|
|
|a SNBRB2020/07
|
| 038 |
|
|
|a SVKPOCL
|
| 040 |
|
|
|a SVKPOCL
|b slo
|c SVKPOCL
|e rda
|
| 041 |
1 |
|
|a ukr
|h slo
|
| 043 |
|
|
|a e-hu---
|a e-it---
|a e-vc---
|
| 044 |
|
|
|a xo
|c SK
|
| 072 |
|
7 |
|a 271/279
|x Kresťanské cirkvi, sekty, denominácie
|2 konspekt
|
| 072 |
|
7 |
|a 2
|x Náboženstvo
|2 konspekt
|
| 080 |
|
|
|a 271.22-722.51:272-732.2
|2 2011
|
| 080 |
|
|
|a 272-732.2
|2 2011
|
| 080 |
|
|
|a (456.31)
|2 2011
|
| 080 |
|
|
|a (439)
|2 2011
|
| 080 |
|
|
|a 272/273:272-732.2
|2 2011
|
| 080 |
|
|
|a (439.165)
|2 2011
|
| 080 |
|
|
|a 2‑722.51
|2 2011
|
| 100 |
1 |
|
|a Medviď, Peter,
|d 1981-
|4 aut
|9 268505
|
| 245 |
1 |
0 |
|a Papa Francisk poblahoslovyv Rusynam erb i krest
|c [autor] -pem-
|
| 300 |
|
|
|b Fotografie
|
| 336 |
|
|
|a text
|b txt
|2 rdacontent
|
| 337 |
|
|
|a bez média
|b n
|2 rdamedia
|
| 338 |
|
|
|a zväzok
|b nc
|2 rdacarrier
|
| 500 |
|
|
|a Kocsis, Péter pozri Fülöp, hajdúdorožský arcibiskup a metropolita
|
| 500 |
|
|
|a Odkrytie akronymu je s autorovým súhlasom
|
| 500 |
|
|
|a V rubrike Karpaťska Rus'
|
| 500 |
|
|
|a Országos Ruszin Önkormányzat (Budapešť, Maďarsko) pozri Vsederžavnoje rusyns'koje samospravovanja (Budapešť, Maďarsko)
|
| 500 |
|
|
|a Doplňujúce údaje sú prevzaté z Wikipediji
|
| 600 |
0 |
7 |
|a František,
|c pápež,
|d 1936-2025
|2 SNKMA
|9 171559
|
| 600 |
0 |
7 |
|a Fülöp,
|c hajdúdorožský arcibiskup a metropolita,
|d 1963-
|2 svkpocl
|9 1604401
|
| 600 |
1 |
7 |
|a Giricz, Vera,
|d 1946-
|2 svkpocl
|9 1553994
|
| 600 |
1 |
7 |
|a Kramarenko, Viktor
|2 svkpocl
|9 1582876
|
| 610 |
2 |
7 |
|a Katolícka cirkev
|2 SNKKA
|9 206702
|
| 610 |
2 |
7 |
|a Maďarská gréckokatolícka cirkev.
|b Hajdúdorožská metropolia (Debrecín, Maďarsko)
|2 svkpocl
|9 1622724
|
| 610 |
2 |
7 |
|a Maďarská gréckokatolícka cirkev.
|b Hajdúdorožská archieparchia
|2 svkpocl
|9 1604403
|
| 610 |
2 |
7 |
|a Maďarská gréckokatolícka cirkev.
|b Eparchia Miskolc
|2 svkpocl
|9 1622725
|
| 610 |
2 |
7 |
|a Maďarská gréckokatolícka cirkev.
|b Eparchia Nyíregyháza
|2 svkpocl
|9 1622726
|
| 610 |
2 |
7 |
|a Vsederžavnoje rusyns'koje samospravovanja (Budapešť, Maďarsko)
|2 svkpocl
|9 1553996
|
| 610 |
2 |
7 |
|a Gréckokatolícka cirkev.
|b Hajdúdorožská archieparchia (Debrecín, Maďarsko)
|2 svkpocl
|9 1604404
|
| 648 |
|
7 |
|a 27.3.2019
|2 svkpocl
|9 1604407
|
| 650 |
0 |
7 |
|a Rusíni
|2 SNKPH
|9 4087
|
| 650 |
0 |
7 |
|a východné kresťanské cirkvi
|2 SNKPH
|9 68747
|
| 650 |
0 |
7 |
|a eparchie
|2 SNKPH
|9 117312
|
| 650 |
0 |
7 |
|a gréckokatolícki duchovní
|2 SNKPH
|9 1622727
|
| 650 |
0 |
7 |
|a cirkevní administrátori
|2 svkpocl
|9 1494677
|
| 650 |
0 |
7 |
|a cirkevní hodnostári
|2 SNKPH
|9 261074
|
| 650 |
0 |
7 |
|a arcibiskupi
|2 SNKPH
|9 686
|
| 650 |
0 |
7 |
|a audiencie
|2 SNKPH
|9 1113356
|
| 651 |
|
7 |
|a Taliansko
|2 SNKPHgeo
|9 21019
|
| 651 |
|
7 |
|a Maďarsko
|2 SNKPHA651
|9 16754
|
| 651 |
|
7 |
|a Rím (Taliansko)
|2 SNKPHgeo
|9 23521
|
| 651 |
|
7 |
|a Hajdúdorog (Maďarsko)
|2 svkpocl
|9 51812
|
| 651 |
|
7 |
|a Debrecín (Maďarsko)
|2 SNKPH
|9 29795
|
| 651 |
|
7 |
|a Vatikán
|2 SNKPHgeo
|9 31476
|
| 651 |
|
7 |
|a Budapešť (Maďarsko)
|2 SNKPH
|9 17734
|
| 773 |
0 |
|
|t NN info Rusyn
|g Roč. XVI (28), č. 7 (2019), s. 10
|x 2454-0013
|
| 852 |
|
|
|a SVKPO
|b KIS3GCP
|
| 856 |
4 |
2 |
|u https://uk.wikipedia.org/wiki/%D0%9F%D0%B5%D1%82%D0%B5%D1%80_%D0%A4%D1%8E%D0%BB%D0%B5%D0%BF_%D0%9A%D0%BE%D1%87%D0%B8%D1%88
|
| 958 |
|
|
|a SS
|
| 958 |
|
|
|a RN
|
| 958 |
|
|
|a HU
|
| 958 |
|
|
|a NT
|
| 958 |
|
|
|a BC
|
| 958 |
|
|
|a NM
|
| 958 |
|
|
|a IT
|
| 999 |
|
|
|c 3344888
|d 3346818
|